Melbourne general knowledge #2 - Statistics

General Stats
  • This quiz has been taken 407 times
  • The average score is 6 of 15
Answer Stats
Hint Answer % Correct
Alternative name for Melbourne International Airport Tullamarine Airport
81%
Southern Cross Station's previous official name Spencer Street Station
74%
Venue where the Royal Melbourne Show is currently held Royal Melbourne Showgrounds
65%
Disaster that began on the 7th February 2009 near Melbourne Black Saturday bushfires
53%
Street on which Parliament House is located Spring Street
53%
Suburb in which Highpoint Shopping Centre is located Maribyrnong
50%
Old home ground of the Richmond Tigers Punt Road Oval
48%
What is underneath the Queen Victoria Market A cemetery
40%
Planner of the grid layout of the city's centre Robert Hoddle
38%
Road bridge across the Yarra River that was completed in 1999 Bolte Bridge
30%
Tram route number that terminates at Footscray 82
20%
Famous painting in the Young & Jackson Hotel Chloé
18%
Names of the two famous statues in the Royal Arcade Gog and Magog
15%
Fill in this song title about a Melbourne suburb: '______ Calling' Balwyn
11%
Melbourne suburb where Phryne Fisher lives St Kilda
9%
No matching quizzes found
Score Distribution
Percent of People with Each Score
Percentile by Number Answered
Your Score History
You have not taken this quiz